01015nam a2200193Ia 4500008004100000020001500041041001200056082001100068100001400079245007700093260004900170300000800219650000800227942000700235999001500242952019600257952018400453952018400637221030s9999 xx 000 0 und d a812241253X aEnglish a105.23 aN. N. Deb 0aTelecommunication Engineering - Line Communications Vol. Icby N. N. Deb bNew Age International Pub.aNew Delhic2008 a308 aECE cBK c8920d8920 pBE 10496g450.00i85l0o105.23 eDurga Books, Amritsarr2024-06-13 00:00:00w2022-10-30yBK003Print4071aMIETLIBbMIETLIBcBL-Academic Block B, FL-1, CUP-74, SH-1, R-1d2010-03-0210HBE pBE 11473g450.00hIi2771l0o105.23 eRKBr2024-06-13 00:00:00w2022-10-30yBK003Print4070aMIETLIBbMIETLIBcBL-Academic Block C, FL-2, CUP-159, SH-3, R-3d2011-05-0510HBE pBE 11474g450.00hIi2771l0o105.23 eRKBr2024-06-13 00:00:00w2022-10-30yBK003Print4070aMIETLIBbMIETLIBcBL-Academic Block C, FL-2, CUP-159, SH-3, R-3d2011-05-0510HBE